[Event "Hajduszoboszlo op 2nd"]
[White "Csosz, Attila"]
[Black "Wasilewski, Mateusz2"]
[Site "Hajduszoboszlo"]
[Round "2"]
[Result "1/2-1/2"]
[Date "2024.02.09"]
[WhiteElo "1593"]
[BlackElo "1330"]
[PlyCount "77"]
[EventDate "2024.02.08"]
[EventType "swiss"]
[EventRounds "7"]
[EventCountry "HUN"]
[SourceTitle "CBM 218 Extra"]
[Source "ChessBase"]
[SourceDate "2024.03.31"]
[SourceVersion "1"]
[SourceVersionDate "2024.03.31"]
[SourceQuality "1"]

1. d4 c5 2. d5 e5 3. dxe6 fxe6 4. e3 Nf6 5. Be2 Nc6 6. Nc3 d5 7. Bf3 g6 8. Nge2 Bg7 9. 0-0 0-0 10. Nf4 Qc7 11. Nb5 Qd8 12. c4 a6 13. cxd5 exd5 14. Nc3 d4 15. Ne4 Qe7 16. Ng5 h6 17. Qb3+ Kh8 18. Nge6 Bxe6 19. Nxe6 Rfe8 20. Nxg7 Kxg7 21. Bxc6 bxc6 22. exd4 cxd4 23. Qd3 c5 24. b3 Qe2 25. Qh3 h5 26. Bg5 Qe6 27. Qg3 Qe5 28. Bxf6+ Kxf6 29. Qxe5+ Rxe5 30. Rfe1 Rae8 31. Kf1 g5 32. Rxe5 Rxe5 33. Re1 Rxe1+ 34. Kxe1 Ke5 35. Ke2 a5 36. Kd3 Kd5 37. f3 Ke5 38. Kd2 Kf4 39. Ke2 1/2-1/2